| 000 | 00973nam a22002417a 4500 | ||
|---|---|---|---|
| 005 | 20250109122736.0 | ||
| 007 | cr |||aaa||||| | ||
| 008 | 250109s2021 mx ||||go|||| 00| 0 spa d | ||
| 040 |
_aMX-MxUPN _bspa _cMX-MxUPN _eaacr2 |
||
| 041 | _aspa | ||
| 050 | 0 | 4 | _aHN8 |
| 245 | 0 | 0 |
_aOrientaciones didácticas para el desarrollo del proyecto la historia del presente _h[recurso electrónico en línea] |
| 260 |
_aMéxico : _bComisión Nacional para la Mejora Continua de la Educación, _c2021. |
||
| 300 |
_a1 recurso en línea (4 páginas) : _bPDF |
||
| 490 | 0 | _a¡Hagamos comunidad! Estrategias de apoyo pedagógico para la educación media superior | |
| 500 | _aMaterial para docentes | ||
| 506 | 0 | _aAcceso abierto | |
| 650 | 2 |
_aHistoria social _99953 |
|
| 650 | 7 |
_aEducación media superior _92253 |
|
| 856 | 4 | 0 | _uhttps://www.mejoredu.gob.mx/images/blog/estrategias/orientaciones_la_historia_del_presente.pdf |
| 902 | _bMaríaRobles/090125 | ||
| 942 |
_2lcc _cLIBRO-E |
||
| 999 |
_c212468 _d212468 |
||